[Event "AUTO-BEG-96"]
[Site "http://www.queenalice.com/game.php?id=204334"]
[Date "2007.4.30"]
[Round "1"]
[White "t0shiz"]
[Black "Hapless"]
[Result "0-1"]
[WhiteElo "1245"]
[BlackElo "1311"]

1. d4 d5 2. e3 e6 3. b3 Bb4+ 4. Bd2 Nc6 5. a3 Bxd2+ 6. Qxd2 Nf6 7. Nc3 O-O 8.
O-O-O b6 9. Bb5 Bd7 10. f3 Qe7 11. Kb2 a6 12. Bxc6 Bxc6 13. e4 Rfd8 14. g4 dxe4
15. fxe4 Nxe4 16. Qf4 Nxc3 17. Re1 Bxh1 18. Kxc3 c5 19. Nh3 Bd5 20. Re5 Rac8 21.
g5 cxd4+ 22. Kxd4 Bg2+ 23. Ke3 Bxh3 24. Qh4 Bf5 25. Kf4 Rd4+ 26. Kg3 Rxh4 27.
Kxh4 h6 28. Re3 Qxg5# 0-1

[Event "AUTO-BEG-96"]
[Site "http://www.queenalice.com/game.php?id=204335"]
[Date "2007.4.30"]
[Round "1"]
[White "Hapless"]
[Black "t0shiz"]
[Result "1-0"]
[WhiteElo "1429"]
[BlackElo "1226"]

1. d4 d5 2. c4 dxc4 3. e3 Bf5 4. Bxc4 a6 5. Nf3 b5 6. Bd5 c6 7. Bb3 e6 8. O-O g6
9. Nbd2 Nf6 10. h3 a5 11. Re1 a4 12. Bc2 Nd5 13. e4 Nb4 14. exf5 gxf5 15. a3 Nd5
16. Bxf5 Nc7 17. Bd3 Nd7 18. Qc2 Rg8 19. Bxh7 Rg7 20. Be4 Nb8 21. Bxc6+ Nd7 22.
Bxa8 Nxa8 23. Qc6 Nc7 24. Ne5 f6 25. Nxd7 Rxd7 26. Ne4 f5 27. Nc5 Bxc5 28. dxc5
Kf7 29. Bf4 Nd5 30. Qxe6+ Kf8 31. Bd6+ Rxd6 32. Qxd6+ Qxd6 33. cxd6 Nf6 34. Rad1
b4 35. d7 Nxd7 36. Rxd7 bxa3 37. bxa3 1-0

[Event "Melhor de 3"]
[Site "http://www.queenalice.com/game.php?id=207970"]
[Date "2007.5.8"]
[Round "-"]
[White "pabloitu"]
[Black "t0shiz"]
[Result "0-1"]
[WhiteElo "1350"]
[BlackElo "1237"]

1. e3 d5 2. Qf3 e6 3. b3 Nf6 4. c4 Nc6 5. cxd5 Nxd5 6. Bd3 Ndb4 7. Be4 Ne5 8.
Qf4 Nc2+ 9. Bxc2 Nd3+ 10. Bxd3 Qxd3 11. a3 Qc2 12. Ne2 Bd6 13. Qc4 Qf5 14. Nbc3
c6 15. Ne4 Be5 16. d4 Bc7 17. N2g3 Qd5 18. Nc5 b5 19. e4 Qd6 20. Qe2 Qxd4 21.
Be3 Qxa1+ 22. Qd1 Qxa3 23. f4 Ba5+ 24. Bd2 Bb6 25. Be3 Qb4+ 26. Qd2 Bxc5 27. O-O
Qxd2 28. Bxc5 Ba6 29. h4 b4 30. Ra1 Qxf4 31. Rxa6 Qc1+ 32. Nf1 Qxc5+ 33. Kh2 Qb5
34. Ra1 Rd8 35. Ng3 Rd2 36. Rf1 Qd3 37. Rf3 Qb1 38. e5 Qc2 39. Kh3 Rxg2 40. Nf1
f5 41. Rg3 Rf2 42. Rg1 Qd3+ 43. Ng3 f4 44. Kg4 h5+ 45. Nxh5 Qg6+ 46. Kh3 Qxg1
47. Ng3 fxg3 48. h5 Rf4 49. h6 Qh2# 0-1

[Event "AUTO-BEG-100"]
[Site "http://www.queenalice.com/game.php?id=210682"]
[Date "2007.5.14"]
[Round "1"]
[White "t0shiz"]
[Black "YuGi"]
[Result "1-0"]
[WhiteElo "1270"]
[BlackElo "1204"]

1. e4 d5 2. Nc3 dxe4 3. Nxe4 f5 4. Nc3 a5 5. Bc4 Bd7 6. Qf3 e6 7. Qxb7 Nc6 8.
Nb5 Nh6 9. d3 Nf7 10. Nxc7+ Ke7 11. Nxe6 Qc8 12. Qxc8 Rxc8 13. Nf3 Bxe6 14. O-O
Bxc4 15. dxc4 Nd4 16. Nxd4 1-0

[Event "AUTO-BEG-100"]
[Site "http://www.queenalice.com/game.php?id=210683"]
[Date "2007.5.14"]
[Round "1"]
[White "YuGi"]
[Black "t0shiz"]
[Result "0-1"]
[WhiteElo "1191"]
[BlackElo "1283"]

1. e4 e5 2. d4 d5 3. dxe5 dxe4 4. h4 Qxd1+ 5. Kxd1 Bc5 6. Be3 b6 7. Bxc5 bxc5 8.
Rh3 h5 9. Rg3 g6 10. Bb5+ c6 11. Bxc6+ Nxc6 12. f3 Nxe5 13. Rg5 f6 14. Rg3 Nxf3
0-1

[Event "AUTO-BEG-100"]
[Site "http://www.queenalice.com/game.php?id=210684"]
[Date "2007.5.14"]
[Round "1"]
[White "t0shiz"]
[Black "Ninha_alone"]
[Result "0-1"]
[WhiteElo "1259"]
[BlackElo "1348"]

1. e4 Nc6 2. d4 e5 3. d5 Nce7 4. Nc3 c6 5. Nf3 f6 6. Be2 Qa5 7. b4 Qc7 8. b5 a6
9. bxc6 dxc6 10. dxc6 Nxc6 11. Nd5 Qa5+ 12. Bd2 Qd8 13. O-O a5 14. Bb5 Bd7 15.
Be3 Nge7 16. Bb6 Qc8 17. Nh4 Nxd5 18. Qxd5 g5 19. Nf5 Nb4 20. Bxd7+ Qxd7 21.
Qxd7+ Kxd7 22. Rfd1+ Ke6 23. a3 Nxc2 24. Rac1 Rg8 25. Rxc2 Ra6 26. Bc7 Bxa3 27.
Rc5 Rc6 28. Rd6+ Kf7 29. Rd7+ Ke8 30. Rd8+ Kf7 0-1

[Event "AUTO-BEG-100"]
[Site "http://www.queenalice.com/game.php?id=210685"]
[Date "2007.5.14"]
[Round "1"]
[White "Ninha_alone"]
[Black "t0shiz"]
[Result "1-0"]
[WhiteElo "1335"]
[BlackElo "1272"]

1. Nc3 e5 2. e4 Nc6 3. Nf3 Nf6 4. b3 d5 5. g3 dxe4 6. Nxe5 Nxe5 7. Bb5+ c6 8.
Be2 b5 9. d3 b4 10. Nxe4 Nd5 11. Qd2 Bh3 12. c4 Nf6 13. Ng5 Qd4 14. Rb1 Neg4 15.
Nxh3 Qc3 16. Ng5 h6 17. Bb2 Qxd2+ 18. Kxd2 Nxf2 19. Rhf1 N2g4 20. Nf3 Bc5 21.
Bd4 Bxd4 22. Nxd4 Rc8 23. Rf4 Nxh2 24. Rf5 Nd7 25. Bh5 g6 26. Rf2 gxh5 27. Rxh2
c5 28. Re1+ Kf8 29. Rf2 Re8 30. Rfe2 Rd8 31. Nc6 1-0

[Event "AUTO-BEG-105"]
[Site "http://www.queenalice.com/game.php?id=219670"]
[Date "2007.6.2"]
[Round "1"]
[White "maues"]
[Black "t0shiz"]
[Result "1-0"]
[WhiteElo "1458"]
[BlackElo "1247"]

1. e4 e5 2. Nf3 Nc6 3. Bc4 Nd4 4. Nxd4 exd4 5. d3 a6 6. Qh5 g6 7. Qe5+ Ne7 8.
Qxh8 b5 9. Bb3 Bb7 10. Qxh7 d5 11. O-O c6 12. Bh6 Bxh6 13. Qxh6 Qd6 14. Nd2 Qb4
15. a3 Qc5 16. Nf3 Kd7 17. Ne5+ Ke6 18. Qf4 f6 19. Nf3 g5 20. exd5+ cxd5 21.
Rfe1+ Kf7 22. Nxg5+ Kg6 23. Ne6 Qc8 24. Qg4+ Kf7 25. Qg7+ Ke8 26. Nxd4 Qc5 27.
Nf5 b4 28. Nxe7 Kd7 29. Nxd5+ 1-0

[Event "AUTO-BEG-105"]
[Site "http://www.queenalice.com/game.php?id=219671"]
[Date "2007.6.2"]
[Round "1"]
[White "t0shiz"]
[Black "maues"]
[Result "0-1"]
[WhiteElo "1239"]
[BlackElo "1466"]

1. d4 d5 2. Nc3 Nf6 3. f3 Bf5 4. e4 dxe4 5. fxe4 Nxe4 6. Qf3 e6 7. Nxe4 Qxd4 8.
Bd3 Bb4+ 9. c3 Bxe4 10. Bxe4 Bxc3+ 11. bxc3 Qa4 12. Ne2 O-O 13. O-O Nc6 14. Ng3
Ne5 15. Qh5 g6 16. Qxe5 c6 17. Rf6 Rfd8 18. Bh6 Rd1+ 19. Rxd1 Qxd1+ 20. Kf2 Rd8
21. Rxe6 Rd2+ 22. Bxd2 Qxd2+ 23. Ne2 fxe6 24. Qxe6+ Kg7 25. h4 a5 26. h5 Qg5 27.
Ng3 Qf4+ 28. Bf3 Qd2+ 29. Ne2 b5 30. Qe7+ Kh6 0-1

[Event "AUTO-BEG-105"]
[Site "http://www.queenalice.com/game.php?id=219678"]
[Date "2007.6.2"]
[Round "1"]
[White "erickplayer"]
[Black "t0shiz"]
[Result "1-0"]
[WhiteElo "1228"]
[BlackElo "1258"]

1. c4 d5 2. d3 e6 3. a4 dxc4 4. b3 Qd4 5. Ra2 e5 6. Be3 Bb4+ 7. Nd2 Qc3 8. Nf3
Bg4 9. Rc2 Qxb3 10. Rxc4 Nf6 11. Qxb3 Bxd2+ 12. Bxd2 Nd5 13. Qxb7 Nb6 14. Rxg4
g6 15. Nxe5 Kf8 16. Bb4+ Kg7 17. Qxc7 Rc8 18. Qxf7+ Kh6 19. Nxg6 hxg6 20. Qxg6#
1-0

[Event "AUTO-BEG-105"]
[Site "http://www.queenalice.com/game.php?id=219679"]
[Date "2007.6.2"]
[Round "1"]
[White "t0shiz"]
[Black "erickplayer"]
[Result "1-0"]
[WhiteElo "1256"]
[BlackElo "1264"]

1. d4 d5 2. Nc3 c6 3. e4 g5 4. exd5 cxd5 5. g4 Nf6 6. h3 e6 7. Bxg5 Rg8 8. Bb5+
Bd7 9. Qf3 Bb4 10. Bxf6 Be7 11. O-O-O Nc6 12. Na4 Bxf6 13. c3 Qa5 14. Qxf6 Qxb5
15. Nc5 Rg6 16. Qh8+ Ke7 17. Qxa8 Qe2 18. Qxb7 Qf3 19. Nxf3 Nb8 20. Qxb8 f5 21.
Ne5 h5 22. Nexd7 hxg4 23. hxg4 fxg4 24. Rh7+ Rg7 25. Rxg7# 1-0

[Event "AUTO-INT-479"]
[Site "http://www.queenalice.com/game.php?id=219682"]
[Date "2007.6.2"]
[Round "1"]
[White "t0shiz"]
[Black "csadler"]
[Result "0-1"]
[WhiteElo "1272"]
[BlackElo "1764"]

1. d4 Nf6 2. Nc3 d5 3. Nf3 Bg4 4. h3 Bxf3 5. gxf3 e6 6. Bg5 Be7 7. e4 dxe4 8.
fxe4 Nbd7 9. e5 Nd5 10. Bxe7 Nxe7 11. Rg1 O-O 12. Qg4 Nf5 13. Bd3 g6 14. Ne4
Nxd4 15. Qg5 Nf3+ 16. Ke2 Nxg5 17. Rxg5 f5 18. Nf6+ Nxf6 19. Rag1 Ne4 20. Bc4
Qd2+ 21. Kf3 Qxf2# 0-1

[Event "AUTO-INT-479"]
[Site "http://www.queenalice.com/game.php?id=219683"]
[Date "2007.6.2"]
[Round "1"]
[White "csadler"]
[Black "t0shiz"]
[Result "1-0"]
[WhiteElo "1912"]
[BlackElo "1298"]

1. Nf3 d5 2. c4 dxc4 3. Na3 Bd7 4. Nxc4 b5 5. Nce5 f6 6. Nxd7 Qxd7 7. e4 e5 8.
Qb3 c6 9. Bd3 Qg4 10. O-O g5 11. h3 Qd7 12. Bc2 Nh6 13. d3 g4 14. Bxh6 Bxh6 15.
hxg4 Qxg4 16. Nh2 Qg5 17. Qe6+ Kf8 18. Bb3 Qg7 19. Qc8+ Ke7 20. Qb7+ Nd7 21.
Qxc6 Rhg8 22. Bxg8 Qxg8 23. Qd5 Qg5 24. Nf3 Qg4 25. Rac1 1-0

[Event "AUTO-INT-479"]
[Site "http://www.queenalice.com/game.php?id=219684"]
[Date "2007.6.2"]
[Round "1"]
[White "t0shiz"]
[Black "aravindkannankara"]
[Result "0-1"]
[WhiteElo "1280"]
[BlackElo "1363"]

1. d4 d5 2. Nc3 Nc6 3. e4 dxe4 4. Nxe4 Qxd4 5. f3 Qxd1+ 6. Kxd1 Bf5 7. Nc5
O-O-O+ 8. Bd3 e6 9. g4 Bxg4 10. fxg4 Bxc5 11. Nf3 Nb4 12. a3 Nxd3 13. Ne5 Nxe5+
14. Bd2 Nf3 0-1

[Event "AUTO-INT-479"]
[Site "http://www.queenalice.com/game.php?id=219685"]
[Date "2007.6.2"]
[Round "1"]
[White "aravindkannankara"]
[Black "t0shiz"]
[Result "1-0"]
[WhiteElo "1349"]
[BlackElo "1294"]

1. e4 e5 2. Nf3 Nc6 3. Bb5 Nb4 4. Nxe5 c6 5. Ba4 Bd6 6. d4 c5 7. dxc5 Bxe5 8. c3
Nc6 9. O-O Nf6 10. Bg5 h6 11. Bxf6 Bxf6 12. b4 a6 13. Qd3 Rb8 14. Bxc6 bxc6 15.
Nd2 1-0

[Event "AUTO-INT-479"]
[Site "http://www.queenalice.com/game.php?id=219686"]
[Date "2007.6.2"]
[Round "1"]
[White "t0shiz"]
[Black "AndrewChes"]
[Result "0-1"]
[WhiteElo "1272"]
[BlackElo "1993"]

1. d4 Nf6 2. e3 d6 3. Nf3 g6 4. Nc3 Bg7 5. Bc4 O-O 6. O-O Bf5 7. Nd5 Nxd5 8.
Bxd5 c6 9. Bc4 d5 10. Bd3 Qc8 11. c4 dxc4 12. Bxc4 Nd7 13. e4 Bxe4 14. Bg5 e6
15. Be7 Re8 16. Bg5 Bxf3 0-1

[Event "AUTO-INT-479"]
[Site "http://www.queenalice.com/game.php?id=219687"]
[Date "2007.6.2"]
[Round "1"]
[White "AndrewChes"]
[Black "t0shiz"]
[Result "1-0"]
[WhiteElo "2012"]
[BlackElo "1258"]

1. e4 d5 2. exd5 Qxd5 3. Nc3 Qd6 4. d4 e5 5. dxe5 Qxe5+ 6. Be3 Qd6 7. Bd3 c5 8.
Nf3 Nf6 9. O-O g6 10. Re1 Be7 11. Bb5+ Bd7 12. Qxd6 Bxd6 13. Bxc5+ Kd8 14. Bxd6
a6 15. Be7+ Kc7 16. Bxf6 axb5 17. Bxh8 b4 18. Nd5+ Kd6 19. Nxb4 Na6 20. Bc3 Rc8
21. Nxa6 bxa6 22. Rad1+ Kc7 23. Ba5+ 1-0

[Event "Neguinha"]
[Site "http://www.queenalice.com/game.php?id=219796"]
[Date "2007.6.2"]
[Round "-"]
[White "pabloitu"]
[Black "t0shiz"]
[Result "1-0"]
[WhiteElo "1342"]
[BlackElo "1267"]

1. e4 e5 2. Qf3 f6 3. Bc4 Ne7 4. Qb3 d5 5. exd5 Qd6 6. g3 g5 7. Nc3 g4 8. Nb5
Qc5 9. d4 Qb6 10. dxe5 fxe5 11. f3 a6 12. Nc3 Qxb3 13. axb3 b5 14. Bd3 Bf5 15.
fxg4 Bxg4 16. Bg5 Nf5 17. h3 e4 18. Be2 Nxg3 19. Bxg4 Nxh1 20. Bf6 Rg8 21. Bh5+
Rg6 22. Nxe4 Nd7 23. Bh4 Kf7 24. Ng5+ Kf6 25. N1f3 h6 26. Nh7+ Kg7 27. Nxf8 1-0

[Event "QA-ANNIV-03"]
[Site "http://www.queenalice.com/game.php?id=225652"]
[Date "2007.6.15"]
[Round "1"]
[White "t0shiz"]
[Black "aarongale"]
[Result "0-1"]
[WhiteElo "1296"]
[BlackElo "1741"]

1. d4 g6 2. e4 Bg7 3. Nf3 c5 4. Bc4 e6 5. O-O d5 6. Bb5+ Bd7 7. Bxd7+ Nxd7 8.
dxc5 Nxc5 9. exd5 exd5 10. Nc3 Ne7 11. b4 Bxc3 12. Rb1 Na4 13. Nd4 Rc8 14. Nb5
Qb6 15. Qe2 a6 16. Na3 O-O 17. Qxe7 Rfe8 18. Qf6 Qxf6 19. Bh6 Bb2 0-1